000 00785nam a22002657a 4500
001 BR8701768
003 BR-BrBNA
005 20230928092432.0
007 ta
008 230509b bl.||||| |||| 00| 0 por d
040 _aBR-BrBNA
_bpor
_cBiblioteca Nacional de Agricultura
041 _a(Por)
072 _aP01
_b/G514
090 _ P01 BR8701768
110 1 _aFundacao Joao Pinheiro, Belo Horizonte, MG (Brasil)
_94974
245 1 _aContagem: aspectos ambientais
260 3 _aBelo Horizonte, MG (Brasil):
_c1985.
300 _a60 p.
500 _a(*) Documento disponível no(a) Fundacao Joao Pinheiro, Belo Horizonte, MG (Brazil)
650 _aMEIO AMBIENTE
650 _aNIVEL DE VIDA
650 _aMINAS GERAIS
909 _a202309
_bLucia
_c55
_dLucia Elande
942 _cBK
999 _c39040
_d39040